Semiología del Sistema Nervioso / (Registro nro. 583)
[ vista simple ]
| 000 -LEADER | |
|---|---|
| fixed length control field | 01411 am a2200433 a 4500 |
| 005 - FECHA ULTIMA MODIFICACION | |
| control field | 20241202093730.0 |
| 008 - CAMPO DE CONTROL (LIBRO) | |
| fixed length control field | 100809s1991||||ag a f |||| 001 0 spa d |
| 020 ## - INTERNATIONAL STANDARD BOOK NUMBER | |
| ISBN | 9500203162 |
| 041 ## - CODIGO DE IDIOMA | |
| Código de idioma del texto/pista de sonido o título separado | spa |
| 092 ## - SIGNATURA TOPOGRAFICA DEWEY LOCAL | |
| número de clasificación | 616.8 |
| libristica | 27 |
| sección | FUS |
| 100 1# - ENTRADA PRINCIPAL--NOMBRE PERSONAL | |
| Nombre personal | Fustinoni, Osvaldo. |
| 9 (RLIN) | 405 |
| 245 ## - TITULO PROPIAMENTE DICHO | |
| Título | Semiología del Sistema Nervioso / |
| Mención de responsabilidad y remanente de la transcripción de la portada | Osvaldo Fustinoni |
| 250 ## - MENCION DE EDICION | |
| Mención de edición | 12a ed. revisada y aumentada. |
| 260 ## - PIE DE IMPRENTA | |
| Lugar de publicación, distribución, etc | Buenos Aires: |
| Nombre de la editorial, distribuidor, etc | El Ateneo; |
| Fecha de publicación | 1991. |
| 300 ## - DESCRIPCION FISICA | |
| Extension | 540 p. |
| 500 ## - NOTA GENERAL | |
| Nota general | Fustinoni, O., Fustinoni, O. (h) y Fustinoni, J. C. (1991). Semiología del Sistema Nervioso. (12a ed.). Buenos Aires : El Ateneo. |
| 653 ## - TÉRMINO INDIZADO - PALABRAS CLAVES | |
| Palabra clave | Nociones de anatomía, fisiología y patología |
| 653 ## - TÉRMINO INDIZADO - PALABRAS CLAVES | |
| Palabra clave | Pares craneanos |
| 653 ## - TÉRMINO INDIZADO - PALABRAS CLAVES | |
| Palabra clave | Motilidad |
| 653 ## - TÉRMINO INDIZADO - PALABRAS CLAVES | |
| Palabra clave | Tono muscular |
| 653 ## - TÉRMINO INDIZADO - PALABRAS CLAVES | |
| Palabra clave | Trofismo |
| 653 ## - TÉRMINO INDIZADO - PALABRAS CLAVES | |
| Palabra clave | Taxia |
| 653 ## - TÉRMINO INDIZADO - PALABRAS CLAVES | |
| Palabra clave | Praxia |
| 653 ## - TÉRMINO INDIZADO - PALABRAS CLAVES | |
| Palabra clave | Reflejos |
| 653 ## - TÉRMINO INDIZADO - PALABRAS CLAVES | |
| Palabra clave | Movimientos involuntarios |
| 653 ## - TÉRMINO INDIZADO - PALABRAS CLAVES | |
| Palabra clave | Sensibilidad |
| 653 ## - TÉRMINO INDIZADO - PALABRAS CLAVES | |
| Palabra clave | Sueño y conciencia |
| 653 ## - TÉRMINO INDIZADO - PALABRAS CLAVES | |
| Palabra clave | Palabra y lenguaje. Gnosia |
| 653 ## - TÉRMINO INDIZADO - PALABRAS CLAVES | |
| Palabra clave | Examenes especiales |
| 653 ## - TÉRMINO INDIZADO - PALABRAS CLAVES | |
| Palabra clave | Sindromes neurológicos |
| 653 ## - TÉRMINO INDIZADO - PALABRAS CLAVES | |
| Palabra clave | Sindromes vasculares |
| 653 ## - TÉRMINO INDIZADO - PALABRAS CLAVES | |
| Palabra clave | Sindromes cognitivos |
| 653 ## - TÉRMINO INDIZADO - PALABRAS CLAVES | |
| Palabra clave | Manifestaciones neurológicas de las principales afecciones del sistema nervioso |
| 653 ## - TÉRMINO INDIZADO - PALABRAS CLAVES | |
| Palabra clave | Semiología psiquiatrica |
| 700 1# - ENTRADAS SECUNDARIAS - NOMBRE PERSONAL | |
| Nombre personal | Fustinoni, Osvaldo. |
| Títulos y otras palabras asociadas con el nombre | (h) |
| 9 (RLIN) | 893 |
| 700 1# - ENTRADAS SECUNDARIAS - NOMBRE PERSONAL | |
| Nombre personal | Fustinoni, Juan Carlos. |
| 9 (RLIN) | 406 |
| 930 ## - NUMERO DE INVENTARIO | |
| Número de inventario | 1080 |
| 942 ## - ADDED ENTRY ELEMENTS (KOHA) | |
| Source of classification or shelving scheme | Dewey Decimal Classification |
| Item type | Libros |
| Estado de retiro | Existencia | Fuente de clasificación | Estado general | No para prestamo | Colección | Ubicación permanente | ubicación actual | Sala de ubicación | Fecha de adquisición | Total Checkouts | Número de clasificación | Código de barras | Date last seen | Date last borrowed | Número de ejemplar | Price effective from | Koha tipo de elemento (item) | Public note | Coded location qualifier |
|---|---|---|---|---|---|---|---|---|---|---|---|---|---|---|---|---|---|---|---|
| Dewey Decimal Classification | Reference | Biblioteca Medicina | Biblioteca Medicina | Referencia | 13/05/2011 | 4 | 616.8 27 FUS | 1080 | 25/09/2017 | 22/09/2017 | Ej.1 | 13/05/2011 | Reference | LIBRO DE CONSULTA |